|
|
|
|
| LEADER |
00000nam0a2200000 4500 |
| 001 |
231416 |
| 005 |
20260414112440.0 |
| 035 |
|
|
|a (RuTPU)RU\TPU\book\252435
|
| 090 |
|
|
|a 231416
|
| 100 |
|
|
|a 20130201d1929 k y0rusy50 ca
|
| 101 |
0 |
|
|a rus
|
| 102 |
|
|
|a RU
|
| 105 |
|
|
|a y z 001zy
|
| 200 |
1 |
|
|a Несколько замечаний по воросу о геологическом исследовании Кузнецкого бассейна
|e [оттиск статьи]
|f В. И. Яворский
|
| 210 |
|
|
|a [Б. м.]
|c [Б. и.]
|d 1929
|
| 215 |
|
|
|a С. 1391-1404.
|
| 225 |
1 |
|
|a Известия Геологического Комитета
|v Т. 48, № 9
|
| 317 |
|
|
|5 63413507: КР-779
|a Поступила в НТБ в 2004 г. в составе книжного собрания профессора ТПИ К. В. Радугина.
|
| 320 |
|
|
|a Библиогр. в конце ст.
|
| 606 |
1 |
|
|a Геология
|y Кузбасс
|2 stltpush
|3 (RuTPU)RU\TPU\subj\72254
|9 85819
|
| 610 |
1 |
|
|a Кузнецкий бассейн
|
| 610 |
1 |
|
|a геологические исследования
|
| 610 |
1 |
|
|a Библиотека К. В. Радугина
|
| 675 |
|
|
|a 55(571.17)
|v 3
|
| 700 |
|
1 |
|a Яворский
|b В. И.
|c палеонтолог
|c профессор
|c сотрудник Геолкома
|f 1874-1974
|g Василий Иванович
|3 (RuTPU)RU\TPU\pers\22184
|9 9397
|
| 801 |
|
1 |
|a RU
|b 63413507
|c 20130201
|
| 801 |
|
2 |
|a RU
|b 63413507
|c 20190221
|g RCR
|
| 942 |
|
|
|c BK
|